Kemelesetan ekonomi : kesan dan harapan

Bibliographic Details
Main Author: Siti Rohani Yahya (Author)
Format: Book
Published: Kuala Lumpur : Dewan Bahasa dan Pustaka , 1990
Subjects:

MARC

LEADER 00000cam a2200000 7i4500
001 0000028621
005 20070623093000.0
020 |a 9836210806 
090 0 0 |a HC445.5.   |b .S5 
100 0 |a Siti Rohani Yahya ,   |e author 
245 0 0 |a Kemelesetan ekonomi :   |b kesan dan harapan   |c Siti Rohani Yahya 
260 2 |a Kuala Lumpur :   |b Dewan Bahasa dan Pustaka ,   |c 1990 
300 |a xii, 148 ms. ; ;   |c 22 sm. 
504 |a Mengandungi bibliografi: ms. 149-150 dan indeks 
651 0 |a Malaysia   |x Economic conditions 
651 0 |a Malaysia   |x Economic policy 
999 |a 1000047357   |b Book   |c OPEN SHELF (30 DAYS)   |e Gong Badak Campus 
999 |a 1000047358   |b Book   |c OPEN SHELF (30 DAYS)   |e Gong Badak Campus 
999 |a 1000047359   |b Book   |c OPEN SHELF (30 DAYS)   |e Gong Badak Campus 
999 |a 1000047360   |b Book   |c OPEN SHELF (30 DAYS)   |e Gong Badak Campus